000
00306nam a22001337a 4500
008
180126b xxu||||| |||| 00| 0 eng d
020
_a
9780205571741
041
_a
eng
080
_a
371
100
_a
46
101
_a
EDU
245
_a
Blueprint for Exceptional Writing
_c
Fontenot, J.A
942
_2
udc
_c
BK
999
_c
41038
_d
41038